Online
Catalog

Como evaluar proyectos de cultura para el desarrollo : / (Record no. 42733)

MARC details
000 -CABECERA
campo de control de longitud fija 00610nam a2200169 a 4500
001 - NÚMERO DE CONTROL
campo de control 000043244
005 - FECHA Y HORA DE LA ÚLTIMA TRANSACCIÓN
campo de control 20250909091242.0
008 - DATOS DE LONGITUD FIJA--INFORMACIÓN GENERAL
campo de control de longitud fija 140303s2009 000 spa d
020 ## - NÚMERO INTERNACIONAL ESTÁNDAR DEL LIBRO
Número Internacional Estándar del Libro 9788483470985
040 ## - FUENTE DE LA CATALOGACIÓN
Centro catalogador/agencia de origen DO-SdBNP
Lengua de catalogación Spa
Centro/agencia transcriptor BNPHU
245 00 - MENCIÓN DE TÍTULO
Título Como evaluar proyectos de cultura para el desarrollo : /
Mención de responsabilidad, etc. una aproximacion metodologica a la construccion de indicadores.
260 ## - PUBLICACIÓN, DISTRIBUCIÓN, ETC.
Lugar de publicación, distribución, etc. Madrid :
Nombre del editor, distribuidor, etc. AECID,
Fecha de publicación, distribución, etc. 2009.
300 ## - DESCRIPCIÓN FÍSICA
Extensión 366 p. :
Otras características físicas il., + CD ;
Dimensiones 23 cm.
490 1# - MENCIÓN DE SERIE
Mención de serie Cultura y desarrollo
Designación de volumen o secuencia 09
710 2# - PUNTO DE ACCESO ADICIONAL--NOMBRE DE ENTIDAD CORPORATIVA
Nombre de entidad corporativa o nombre de jurisdicción como elemento de entrada Agencia Española de Cooperación Internacional
9 (RLIN) 34585
830 #0 - PUNTO DE ACCESO ADICIONAL DE SERIE-TÍTULO UNIFORME
Título uniforme Cultura y desarrollo
Designación de volumen o secuencia 09
9 (RLIN) 70846
Holdings
Estado de retiro Estado de pérdida Restricciones de uso No para préstamo Código de colección Localización permanente Ubicación/localización actual Ubicación en estantería Fecha de adquisición Número de inventario Total de préstamos Signatura topográfica completa Código de barras Fecha visto por última vez Precio válido a partir de Tipo de ítem Koha
      Excluido de préstamo Monografías: Libros y Folletos General General En catalogación 03.03.2014 LF1   43244-10 25.06.2020 25.06.2020 No se presta

Powered by Koha